Statistics for Los Angeles Lakers All-NBA Players

Click here to take the quiz!

General Stats

  • This quiz has been taken 41 times
    (7 since last reset)
  • The average score is 14 of 20

Answer Stats

Player % Correct
Anthony Davis
100%
Elgin Baylor
100%
Kobe Bryant
100%
Shaquille O'Neal
100%
James Worthy
100%
Kareem Abdul-Jabbar
100%
LeBron James
100%
Jerry West
100%
Dwight Howard
86%
George Mikan
86%
Pau Gasol
86%
Magic Johnson
86%
Wilt Chamberlain
86%
Gail Goodrich
71%
Andrew Bynum
57%
Clyde Lovellette
14%
Slater Martin
14%
Jim Pollard
14%
Vern Mikkelsen
14%
Dick Garmaker
0%

Score Distribution

Percentile by Number Answered

Percent of People with Each Score

Your Score History

You have not taken this quiz since the last reset